000 00938nam a2200289 a 4500
005 20240506103348.0
008 100323t1994||||ag a f |||| 000 0 spa d
020 _a9504354866
041 _aspa
092 _c612.3
_l25
_sFIS
245 _aFisiología digestiva /
_cPablo Scacchi.
250 _a4a ed. 1a reimp.
260 _aBuenos Aires:
_bel autor;
_c1994
300 _a252 p.
_bil.
500 _aScacchi, P. et al. (1994). Fisiología digestiva. (4a ed.). Buenos Aires : el autor.
653 _aMotilidad
653 _aSecreción
653 _aDigestión: física / química
653 _aAbsorción: mezcla absortiva optima
653 _aEstructura general del tubo digestivo
653 _aRegulación funcional del tubo digestivo
700 1 _aScacchi, Pablo
_9245
700 1 _aLópez De Luise, Gustavo A.
_9246
700 1 _aTumilasci, Omar R.
_9247
700 1 _aLópez Gastón, Alberto
_9248
942 _2ddc
_cBK
999 _c2153
_d2153